Những vấn đề ngữ học, văn học và phương pháp giảng dạy ngữ văn

সংরক্ষণ করুন:
গ্রন্থ-পঞ্জীর বিবরন
প্রধান লেখক: Nguyễn, Lâm Điền
বিন্যাস: গ্রন্থ
প্রকাশিত: Cần Thơ ĐH Cần Thơ 2006
বিষয়গুলি:
ট্যাগগুলো: ট্যাগ যুক্ত করুন
কোনো ট্যাগ নেই, প্রথমজন হিসাবে ট্যাগ করুন!
Thư viện lưu trữ: Trung tâm Học liệu Lê Vũ Hùng, Trường Đại học Đồng Tháp
LEADER 00907pam a22002538a 4500
001 00029587
005 20171026081023.0
008 120912s2006 ||||||Viesd
041 0 # |a Vie 
082 1 4 |a 807  |b NH556V 
100 0 # |a Nguyễn, Lâm Điền 
245 0 0 |a Những vấn đề ngữ học, văn học và phương pháp giảng dạy ngữ văn  |c Nguyễn Lâm Điền 
260 # # |a Cần Thơ  |b ĐH Cần Thơ  |c 2006 
300 # # |a 221 tr.  |c 30 cm. 
500 # # |a Đầu bìa sách ghi : Bộ môn Ngữ văn- Khoa Sư phạm. Đại học Cần Thơ 
653 # # |a Giảng dạy 
653 # # |a Văn học 
653 # # |a Phương pháp 
653 # # |a Ngữ học 
852 # # |j KD.0013931 
852 # # |b Kho đọc  |j KD.0013931 
910 0 # |d 09/10/2012 
980 # # |a Trung tâm Học liệu Lê Vũ Hùng, Trường Đại học Đồng Tháp